Can you name the ten oldest and ten youngest countries? - Statistics

General Stats
  • This quiz has been taken 63 times
  • The average score is 10 of 20
Answers on the Map
Answers color-coded by a green-red scale on the quiz's map according to % correct below.
 
Answer Stats
Answer % Correct
South Sudan
89%
China
84%
Kosovo
78%
France
73%
Japan
73%
Montenegro
64%
Serbia
62%
Portugal
53%
Timor-Leste
47%
Denmark
44%
San Marino
44%
Bosnia and Herzegovina
40%
Thailand
38%
Mongolia
36%
Austria
33%
Czech Republic
33%
Eritrea
33%
Slovakia
31%
Hungary
22%
Palau
20%
No matching quizzes found
Score Distribution
Percent of People with Each Score
Percentile by Number Answered
Your Score History
You have not taken this quiz